000 00542nam a2200181Ia 4500
005 20250423101605.0
008 250422s9999 xx 000 0 und d
020 _a9781931082839
050 _aG 540 .D36/
100 _aDana, Richard Henry
245 0 _aTwo years before the mast and other voyages
260 _aNew York
260 _bThe Library of America
260 _c2005
300 _a926 p
650 _aDana, Richard Henry, 1815-1882--Travel. Voyages and travels. Seafaring life. Cuba--Description and travel.
942 _cBK
999 _c36700
_d36700